00433 a2200145 450000100060000004000260000624000420003224500370007430000070011136200090011865000310012794200070015895201050016599900170027048688 cAnchieta - Bela Vista10aBranca de neve e os sete anõeslpor10aBranca de neve e os sete anões a320 a2009 4aLiteratura infanto-juvenil cBK 00104070a91.4b91.4d2023-11-21l0o028.5 B816 BRAp842/BELr2023-11-21 17:40:10w2023-11-21yBK c48688d48688